Catalog

Record Details

Catalog Search



Plants vs. zombies. Garden warfare. #2 / written ... Read More

Tobin, Paul, 1965-(author.).
Chabot, Jacob,(artist.). Rainwater, Matthew J.,(color artist.). ... Read More

Available copies

  • 2 of 3 copies available at LARL/NWRL Consortium.
  • 1 of 1 copy available at Northwest Regional Library. (Show preferred library)

Current holds

0 current holds with 3 total copies.

Show Only Available Copies
Location Call Number / Copy Notes Barcode Shelving Location Status Due Date
Roseau Public Library j TOB (Text) 35500006114936 Main Available -
Fosston Public Library J G TOB (Text) 33500012663910 Main Available -
Moorhead Public Library J G TOB (Text) 33500012663928 Main Checked out 05/27/2026

Record details

  • ISBN: 9781532141287
  • ISBN: 1532141289
  • ISBN: 9781506705484
  • Physical Description: 1 volume (unpaged) : color illustrations ; 27 cm.
  • Publisher: Minneapolis, Minnesota : Spotlight, 2018.

Content descriptions

General Note:
"Originally issued as Plants vs. Zombies: Garden Warefare #2 by Dark Horse Comics in 2015"--Title ... Read More
Subject: Zombies > Juvenile fiction.
Plants > Juvenile fiction.
Plants
Zombies.
Genre: Fiction.
Juvenile works.
LDR 01627cam a2200421Mi 4500
001282378
003LARL_NWRL_CONSORTIUM
00520181212162353.0
008171211s2018 mnua c 6 000 0 eng d
040 . ‡aNFR ‡beng ‡erda ‡cNFR ‡dOCLCO ‡dYDX ‡dBDX ‡dOQX ‡dOCLCO ‡dOCLCF
019 . ‡a1006298750
020 . ‡a9781532141287
020 . ‡a1532141289
020 . ‡a9781506705484
035 . ‡a(OCoLC)1016780614 ‡z(OCoLC)1006298750
08214. ‡a[E]
1001 . ‡aTobin, Paul, ‡d1965- ‡eauthor. ‡0(LARL_NWRL_CONSORTIUM)220814
24510. ‡aPlants vs. zombies. ‡pGarden warfare. ‡n#2 / ‡cwritten by Paul Tobin ; art by Jacob Chabot ; colors by Matthew J. Rainwater ; letters by Steve Dutro.
2463 . ‡aGarden warfare. ‡n#2
264 1. ‡aMinneapolis, Minnesota : ‡bSpotlight, ‡c2018.
300 . ‡a1 volume (unpaged) : ‡bcolor illustrations ; ‡c27 cm.
336 . ‡atext ‡btxt ‡2rdacontent
337 . ‡aunmediated ‡bn ‡2rdamedia
338 . ‡avolume ‡bnc ‡2rdacarrier
4900 . ‡aPlants vs. zombies. Garden warfare ; ‡v2
500 . ‡a"Originally issued as Plants vs. Zombies: Garden Warefare #2 by Dark Horse Comics in 2015"--Title page verso.
650 0. ‡aZombies ‡vJuvenile fiction.
650 0. ‡aPlants ‡vJuvenile fiction.
650 7. ‡2fast ‡aPlants ‡0(LARL_NWRL_CONSORTIUM)177849
650 7. ‡aZombies. ‡2fast ‡0(LARL_NWRL_CONSORTIUM)42055
655 7. ‡aFiction. ‡2fast
655 7. ‡aJuvenile works. ‡2fast
7001 . ‡aChabot, Jacob, ‡eartist. ‡0(LARL_NWRL_CONSORTIUM)218427
7001 . ‡aRainwater, Matthew J., ‡ecolor artist.
7001 . ‡aDutro, Steve, ‡eletterer. ‡0(LARL_NWRL_CONSORTIUM)205476
901 . ‡a282378 ‡b ‡c282378 ‡tbiblio

Additional Resources